000 00727nam a2200265Ia 4500
003 OSt
005 20221006140618.0
006 a|||||r|||| 00| 0
007 ta
008 221006b |||||||| |||| 00| 0 jpn d
020 _c¥5400
024 _a192
037 _bGift, Japan Foundation
_cTextual
040 _aEASL
_cEASL
_bjpn
041 _2jpn
_ajpn
082 _aX:979C.42.N07, M8
100 _aNIMURA Kazuo
_9642966
245 0 _aAshio bodo no shiteki bunseki
260 _aTokyo
_bTokyo Daigaku Japan
_c1988
300 _a368p.
_ccm.
490 _v JL
650 _aJL
_9642967
942 _hX:979C.42.N07, M8
_cTEXL
_2CC
999 _c1068279
_d1068279